000 01219nam a2200337 a 4500
001 991006039399707486
003 CO-PeBPR
005 20260417102514.0
008 200624s2019 ck gr 001 0 spa d
020 _a9789585503205
040 0 _aCO-PeBPR
_bspa
_cCO-PeBPR
_erda
041 0 _hspa
082 0 4 _a371.397 D948r
100 1 _aDurán Chiappe, Sandra Marcela.
_eautora
245 1 4 _aLos rostros y las huellas del juego
_b: creencias sobre el juego en la práctica del profesorado
_c/ Sandra Marcela Durán Chiappe ; edición de Juan Felipe Forero Bocanegra.
260 _aBogotá , Colombia
_b: Universidad Pedagógica Nacional
_c, 2019
300 _a164 páginas
_c; 24 centímetros
336 _atexto
_btxt
_crdacontenido
337 _asin mediación
_bn
_2rdamedio
338 _avolumen
_bnc
_2rdasoporte
490 0 _aColección tesis doctorales
504 _aIncluye bibliografía.
650 1 4 _2LEMB
_aJuegos educativos
650 1 4 _2LEMB
_aMétodos de enseñanza
650 1 4 _2LEMB
_aJuegos educativos (Psicología)
650 1 4 _2LEMB
_aRecreación
650 1 4 _2LEMB
_aPsicología del aprendizaje
700 1 _aForero Bocanegra, Juan Felipe
_eeditor
942 _2ddc
_cBK
949 _an
_bn
999 _c17715
_d17715